| 000 | 00613cam a2200193 4500500 | ||
|---|---|---|---|
| 005 | 20260405002206.0 | ||
| 041 | _afre | ||
| 042 | _adc | ||
| 100 | 1 | 0 |
_aDuru, Martin _eauthor |
| 245 | 0 | 0 | _aJean-Louis Chrétien, Michaël Fœssel. Dans quel sens coulent les larmes? |
| 260 | _c2016. | ||
| 500 | _a76 | ||
| 690 | _aCorps | ||
| 690 | _aJean-Louis Chrétien | ||
| 690 | _aLarme | ||
| 690 | _aMichaël Foessel | ||
| 786 | 0 | _nPhilosophie magazine | 99 | 5 | 2016-05-01 | p. 20-23 | 1951-1787 | |
| 856 | 4 | 1 | _uhttps://shs.cairn.info/magazine-philosophie-magazine-2016-5-page-20?lang=fr&redirect-ssocas=7080 |
| 999 |
_c2055234 _d2055234 |
||